|
|
|
|
| LEADER |
01230npm a22002658a 4500 |
| 001 |
00045673 |
| 008 |
190708s2019####-vm#################vie|d |
| 005 |
20200810160844.0 |
| 041 |
0 |
# |
|a vie
|
| 082 |
1 |
4 |
|b TH552TR
|a 338.409 597 89
|
| 100 |
0 |
# |
|a Trương, Thị Ngọc Diệp
|
| 245 |
0 |
0 |
|a Thực trạng và định hướng phát triển du lịch cộng đồng tại thành phố Sa Đéc
|b Tiểu luận tốt nghiệp chuyên ngành Sư phạm Địa lý
|c Trương Thị Ngọc Diệp; Phùng Thái Dương (hướng dẫn)
|
| 260 |
# |
# |
|a Đồng Tháp
|b Đại học Đồng Tháp
|c 2020
|
| 300 |
# |
# |
|a 25 tr.
|b hình ảnh
|c 29 cm
|
| 500 |
# |
# |
|a ĐTTS ghi: Trường Đại học Đồng Tháp. Khoa Sư phạm Sử - Địa và GDCT. Bộ môn Địa lý
|
| 653 |
# |
# |
|a Du lịch cộng đồng
|
| 653 |
# |
# |
|a Tiểu luận tốt nghiệp
|
| 653 |
# |
# |
|a Thực trạng
|
| 653 |
# |
# |
|a Phát triển
|
| 653 |
# |
# |
|a Thành phố Sa Đéc
|
| 700 |
0 |
# |
|a Phùng Thái Dương
|e Hướng dẫn
|
| 852 |
# |
# |
|j TL.0000047
|
| 910 |
0 |
# |
|d 10/8/2020
|
| 980 |
# |
# |
|a Trung tâm Học liệu Lê Vũ Hùng, Trường Đại học Đồng Tháp
|